00357 a2200121 4500001001000000005001700010008004100027245004200068100001900110700001600129700001900145773007100164ART_4371120260410162025.0260409a 10aJob flows, worker flows, and churning1 aBurgess, Simon1 aLane, Julia1 aStevens, David0 tJournal of labor economicsg- Vol. 18, NÂș 3 (jul. 2000)wREV43438